| 000 | 00445nam a22001817a 4500 | ||
|---|---|---|---|
| 003 | OSt | ||
| 005 | 20140310181721.0 | ||
| 008 | 130306t xxu||||| |||| 00| 0 eng d | ||
| 020 | _a9780712606554 | ||
| 050 |
_aBJ 21 _b.L477 2003 |
||
| 082 |
_aIB 170 _bL51 2003 |
||
| 100 | _aLee, Simon. | ||
| 245 |
_aUneasy ethics / _cSimon Lee. |
||
| 260 |
_aLondon : _bPimlico, _cc2003. |
||
| 300 |
_c22 cm. _a230 p. : |
||
| 942 |
_2lcc _cBK |
||
| 999 |
_c1999 _d1999 |
||